| 000 | 00500nam a22001937a 4500 | ||
|---|---|---|---|
| 005 | 20230922154419.0 | ||
| 008 | 230919b |||||||| |||| 00| 0 eng d | ||
| 020 | _a9789699106002 | ||
| 082 |
_a150.5 _bRAN-B |
||
| 100 | _aMowadat H.Rana | ||
| 245 |
_aBehavioural Science : _bfor Medical & Dental Students |
||
| 250 | _a2nd.ed. | ||
| 260 |
_aPakistan _bLaser CTP System _c2013 |
||
| 300 | _a134 | ||
| 500 | _aInclude Index | ||
| 650 | _aMedical/Dental | ||
| 700 | _aMowadat H.Rana | ||
| 999 |
_c33633 _d33633 |
||